Vista normal Vista MARC

Entrada Topical Term

Número de registros utilizados en: 5

001 - CONTROL NUMBER

  • control field: 2881

003 - CONTROL NUMBER IDENTIFIER

  • control field: OSt

005 - DATE AND TIME OF LATEST TRANSACTION

  • control field: 20230915225507.0

008 - FIXED-LENGTH DATA ELEMENTS

  • fixed length control field: 230915|| aca||aabn | a|a d

040 ## - CATALOGING SOURCE

  • Original cataloging agency: OSt
  • Transcribing agency: OSt

150 ## - HEADING--TOPICAL TERM

  • Topical term or geographic name entry element: COLOMBIA - VIAJES Y DESCUBRIMIENTOS

670 ## - SOURCE DATA FOUND

  • Source citation: Work cat.: (OSt)16748: Stuart Cochrane, Charles 2880, Viajes por colombia 1823 y 1824, 1994









Instituto Departamental de Cultura del Meta - Red Departamental de Bibliotecas Públicas del Meta.